APEC Schools

Basic calculus / (Record no. 4679)

000 -LEADER
fixed length control field nam a22 7a 4500
005 - DATE AND TIME OF LATEST TRANSACTION
control field 20180214060914.0
008 - FIXED-LENGTH DATA ELEMENTS--GENERAL INFORMATION
fixed length control field 180214b xxu||||| |||| 00| 0 eng d
020 ## - IDENTIFIER FOR THE MANIFESTATION
Identifier for the Manifestation 9789712378140
Binding paperback
040 ## - CATALOGING SOURCE
Language of Cataloging eng
Transcribing Agency APEC Schools Library
Description Conventions rda
082 ## - DEWEY DECIMAL CLASSIFICATION NUMBER
Classification number C 515
Author's Number P363b 2016
100 1# - CREATOR
Preferred Name of the Person Pelias, John Gabriel P.
245 10 - TITLE AND STATEMENT OF RESPONSIBILITY
Preferred Title Proper Basic calculus /
Statement of Responsibility/Parallel Statement of Responsibility John Gabriel P. Pelias.
250 ## - EDITION STATEMENT
Designation of Edition/Designation of a Named Revision of an Edition First Edition.
264 ## - PUBLICATION STATEMENT
Place of publication, distribution, etc Manila, PH :
Publisher's Name/Parallel Publisher's Name Rex Bookstore,
Copyright ©2016.
Date of Publication [2016].
300 ## - PHYSICAL DESCRIPTION
Extent vi, 259 pages :
Illustrative Content illustrations ;
Dimensions 26 cm
336 ## - RDA CONTENT
Source rdacontent
Content Type text
337 ## - RDA MEDIA
Source rdamedia
Media Type unmediated
338 ## - RDA CARRIER
Source rdacarrier
Carrier Type volume
504 ## - BIBLIOGRAPHY, ETC. NOTE
Bibliography, etc Includes bibliographical references and index.
505 #0 - CONTENTS
Related Work = Contents Preface v -- Limits and Continuity 1 -- Introduction to the Limit 2 -- Limits of Algebraic Functions 16 -- Limits of Algebraic Functions Involving Infinity 29 -- Limits of Exponential and Trigonometric Functions 46 -- Continuity 66 -- Continuity on an Interval 80 -- Derivatives 95 -- Tangent Lines, Rates of Change and the Derivative 96 -- Some Basic Differentiation Rules 106 -- The Chain Rule 121 -- Implicit Differentiation 129 -- Derivatives of Higher Order and Differentiability 143 -- Rates of Change and Related Rates 154 -- Optimization Problems 161 -- Integration 177 -- Antiderivatives 178 -- The Substitution Rule and Tables of Integrals 188 -- Separable Differential Equations 200 -- Areas, Riemann Sums and the Define Integral 215 -- The Fundamental Theorem of Calculus 231 -- Areas of Plane Regions 244 -- References 253 -- Index 255
520 ## - SUMMARIZATION OF THE CONTENT
Summarization of the Content "Basic Calculus introduces the students to the study of calculus. It contains the basic concepts and mechanical skills in basic calculus, namely, understanding and calculating limits, derivatives, and integral of basic functions, and using basic techniques and formulae. The lesson in this book shall be sufficient to prepare the students in the STEM track to take calculus in college."--
650 ## - ADDED SUBJECT ACCESS POINT - TOPICAL TERM
Topical Term Calculus
678 ## - CREATOR BIOGRAPHICAL INFORMATION
Biographical Information John Gabriel P. Pelias finished his BS Mathematics at the University of the Philippines-Diliman in 2011 (summa cum laude). He was awarded with the Medallion of Excellence and best Undergraduate Research Paper Award in Mathematics by the dean of the College of Science. He recently obtained his MS Mathematics while teaching in the Institute of Mathematics at the same university. He is currently pursuing a PhD in Mathematics.
942 ## - ADDED ENTRY ELEMENTS (KOHA)
Source of Classification
Koha Item Type Books
Holdings
Library Site Location Shelving Location Source of Acquisition Full Classification Number Accession Number Koha Item Type
APEC Bacoor Library APEC Bacoor Library Circulation Institutional Fund C 515 P363b 2016 B04-0000371 Non Fiction
APEC Calumpang Library APEC Calumpang Library Circulation Institutional Fund C 515 P363b 2016 B10-0000050 Non Fiction
APEC Doña Juana Library APEC Doña Juana Library Circulation Institutional Fund C 515 P363b 2016 A02-0000080 Non Fiction
APEC España Library APEC España Library Circulation Institutional Fund C 515 P363b 2016 B11-0000046 Non Fiction
APEC G. Tuazon Library APEC G. Tuazon Library Circulation Institutional Fund C 515 P363b 2016 B05-0000048 Non Fiction
APEC JRU Lipa Library APEC JRU Lipa Library Circulation Institutional Fund C 515 P363b 2016 B12-0000080 Non Fiction
APEC Las Piñas Library APEC Las Piñas Library Circulation Institutional Fund C 515 P363b 2016 C01-0000086 Non Fiction
APEC Concepcion Dos Library APEC Marikina Heights Library Circulation Institutional Fund C 515 P363b 2016 C02-0000086 Non Fiction
APEC New Manila Library APEC New Manila Library Circulation Institutional Fund C 515 P363b 2016 C03-0000088 Non Fiction
APEC Ortigas Extension, Cainta Library APEC Ortigas Extension, Cainta Library Circulation Institutional Fund C 515 P363b 2016 B09-0000080 Non Fiction
APEC Roxas Boulevard Library APEC Roxas Boulevard Library Circulation Institutional Fund C 515 P363b 2016 B06-0000047 Non Fiction
APEC Silangan, Pateros Library APEC Silangan, Pateros Library Circulation Institutional Fund C 515 P363b 2016 B07-0000058 Non Fiction
APEC Taytay Library APEC Taytay Library Circulation Institutional Fund C 515 P363b 2016 B08-0000080 Non Fiction
APEC V. Luna Library APEC V. Luna Library Circulation Institutional Fund C 515 P363b 2016 A01-0000082 Non Fiction

Powered by Koha